000 00992nam a2200265 u 4500
001 000002206
003 DO-SdBNP
005 20240305124616.0
008 090701s2007 dr a r 000 0 spa d
020 _a9789945408126
040 _aDO-SdBNP
_bspa
_cBNPHU
082 4 _a972.9362
_bC957m
_222
100 1 _a Cruz Infante, José A.,
_q(José Abigail)
_92460
245 1 0 _aMoca en su tiempo /
_cJosé Abigaíl Cruz Infante ; edición, Dario Bencosme y Baéz.
260 _aSanto Domingo :
_bLetra Gráfica,
_c2007.
300 _a199 p :
_bil. ;
_c23cm.
500 _aIncluye datos biográficos del autor en la solapa cubierta
590 _aInventariado, 2019/MFF
650 4 _aCiudades y pueblos
_zRepública Dominicana
_9784
651 4 _aMoca (República Dominicana)
_xHistoria local
_97056
651 4 _aMoca (República Dominicana)
_xVida social y constumbres
_97057
700 1 _aBencosme Báez, Darío
_eed.
_97058
910 _aValidado. Control de calidad MMOLINA
942 _2ddc
_cLBS1
999 _c2054
_d2054